[Event "British Columbia-ch U20"]
[Site "Vancouver"]
[Date "2018.11.11"]
[Round "3.10"]
[White "Wang, Daniel1111"]
[Black "Huang, Ryan"]
[Result "0-1"]
[WhiteElo "1576"]
[BlackElo "1571"]
[PlyCount "100"]
[EventDate "2018.11.10"]
[EventType "swiss"]
[EventRounds "5"]
[EventCountry "CAN"]
[SourceTitle "EXT 2022"]
[Source "ChessBase"]
[SourceDate "2021.10.06"]
[SourceVersion "1"]
[SourceVersionDate "2021.10.06"]
[SourceQuality "1"]

1. e4 c5 2. c3 d5 3. exd5 Qxd5 4. d4 Nf6 5. Nf3 Bg4 6. Be2 e6 7. 0-0 Nc6 8. Be3 cxd4 9. cxd4 Be7 10. Nc3 Qd7 11. Rc1 0-0 12. h3 Bh5 13. Qd2 Rfd8 14. Rfd1 Nd5 15. Nxd5 Qxd5 16. a3 Rac8 17. b4 b5 18. Rc2 Bg6 19. Bd3 a5 20. Bxg6 hxg6 21. Rb2 axb4 22. axb4 Ra8 23. Qc3 Ra4 24. Rdb1 Rda8 25. Ne1 Ra1 26. Nc2 Rxb1+ 27. Rxb1 Ra2 28. Qd3 e5 29. Qc3 Bf6 30. Rd1 Qe4 31. Rd2 exd4 32. Bxd4 Nxd4 33. Rxd4 Rxc2 34. Rxe4 Bxc3 35. Re8+ Kh7 36. Rf8 Bxb4 37. Rxf7 Bc5 38. g3 b4 39. Rf3 Rxf2 40. Rxf2 b3 41. Kf1 Bxf2 42. Kxf2 b2 43. Kg2 b1Q 44. h4 g5 45. hxg5 Kg6 46. Kh3 Kxg5 47. Kg2 Kg4 48. Kh2 Qe1 49. Kg2 Qe2+ 50. Kh1 Kxg3 0-1